| 000 | 00548nam a2200121Ia 4500 | ||
|---|---|---|---|
| 008 | 220620s9999||||xx |||||||||||||| ||und|| | ||
| 100 | _aMayo, Marjorie||Koessl, Gerald||Scott, Matthew||Slater, Imogen | ||
| 245 | 0 | _aAccess to Justice for Disadvantaged Communities | |
| 546 | _aEnglish[eng] | ||
| 650 | _aPolitical Science||Public Policy||Social Services & Welfare | ||
| 856 | _uhttps://library.oapen.org/bitstream/20.500.12657/53437/1/external_content.pdf||https://library.oapen.org/bitstream/20.500.12657/53437/1/external_content.pdf | ||
| 942 | _cEB | ||
| 999 |
_c28907 _d28907 |
||